000 01447nam a22003977a 4500
003 CHAP
005 20220817042917.0
008 971013s1994 r 00010 d
010 _a59639
011 _a60611
035 _a64773
040 _cCHAP
082 _a574.5
_bM55Y 1992
100 0 0 _aMiller, G. Tyler, Jr.
_975766
245 _aEcología y medio ambiente
_b: introducción a la ciencia ambiental, el desarrollo sustentable y la conciencia de conservación del planeta tierra
260 _aMéxico, D.F. :
_bIberoamérica,
_c1994
300 _a867 p.
_b: ilus.
500 _aTrad. de : An introduction to environmental science, 7 ed. 1992
590 _aBATCH-UPD
_b10
_c20130110
_lUCH01
_h0128
590 _aBATCH-UPD
_b10
_c20130110
_lUCH01
_h1159
590 _aBATCH-UPD
_b10
_c20130410
_lUCH01
_h0742
590 _aBATCH-UPD
_b10
_c20130914
_lUCH01
_h0822
590 _aCONVERSION
_b10
_c20130109
_lUCH01
_h1332
650 1 4 _aCambios climáticos.
_917792
650 1 4 _aDesarrollo sustentable.
650 1 4 _aDesforestación.
_932131
650 1 4 _aEcología.
_935134
650 1 4 _aEcosistema.
_935290
650 1 4 _aMedio ambiente.
_974065
650 1 4 _aMedio ambiente
_xConservación.
_974068
650 1 4 _aMedio ambiente
_xContaminación.
_974069
650 1 4 _aRecursos naturales
_xConservación.
901 _aBK
942 _cLIBRO
949 _a574.5 M55Y 1992
_bBC
_cLIBRO
_d33724002259090
_eLIBRO
_gI.181143
_h90126
_i64773
_so
_t100.00
999 _c59639
_d59639